00374nam a22001337a 4500008004100000020001800041082001700059100002200076245004600098260004300144300001100187650002800198650001400226231122b |||||||| |||| 00| 0 eng d a9789382277002 a954.96/T829f aThapa, Manjushree aForget Kathmandu: an elegy for democracy. aNew Delhi:bAleph Book Company,c2013. b302 p. aPolitics and government aDemocracy